គ្រូបង្រៀនស្រុកស្រែ / (Record no. 6112)
[ view plain ]
| 000 -LEADER | |
|---|---|
| fixed length control field | 03013nam a22002417a 4500 |
| 001 - CONTROL NUMBER | |
| control field | 6112 |
| 003 - CONTROL NUMBER IDENTIFIER | |
| control field | FISKH |
| 005 - DATE AND TIME OF LATEST TRANSACTION | |
| control field | 20250530105550.0 |
| 008 - FIXED-LENGTH DATA ELEMENTS--GENERAL INFORMATION | |
| fixed length control field | 250314b cb ||||| |||| 00| 0 eng d |
| 040 ## - CATALOGING SOURCE | |
| Original cataloging agency | FISKH |
| Language of cataloging | Khmer |
| Transcribing agency | FISKH |
| Modifying agency | FISKH |
| 050 ## - LIBRARY OF CONGRESS CALL NUMBER | |
| Classification number | PZ7 |
| 082 ## - DEWEY DECIMAL CLASSIFICATION NUMBER | |
| Classification number | 800 |
| 100 ## - MAIN ENTRY--PERSONAL NAME | |
| Personal name | Thok, Em |
| 245 ## - TITLE STATEMENT | |
| Title | គ្រូបង្រៀនស្រុកស្រែ / |
| Statement of responsibility, etc. | អ៊ឹម ថុក |
| 260 ## - PUBLICATION, DISTRIBUTION, ETC. | |
| Place of publication, distribution, etc. | Phnom Penh : |
| Name of publisher, distributor, etc. | Ministry of education, youth and sport ; |
| Date of publication, distribution, etc. | 1957. |
| 300 ## - PHYSICAL DESCRIPTION | |
| Extent | 42 pages : |
| Other physical details | illustrations ; |
| Dimensions | 20 cm . |
| 520 ## - SUMMARY, ETC. | |
| Summary, etc. | រឿងនេះបង្ហាញអំពី បងហម អតីតយោធាចក្រ ខ្មែរក្រហម ម្នាក់ ដែលបានក្លាយជាគ្រូបង្រៀន នៅភូមិជនបទមួយ ក្នុងខេត្តកំពង់ចាម។ គាត់បានក្លាយជាកម្លាំងជំរុញសង្គមសម្រាប់ចលនាមហាជន ដែលទាមទារប្រជាធិបតេយ្យ និងការផ្លាស់ប្តូរសង្គម។ ទោះបីជាគាត់បានប្រឈមមុខនឹងការជ្រៀតចូល និងការបដិសេធពីអាជ្ញាធរមូលដ្ឋានក៏ដោយ បងហាំបន្តផ្សព្វផ្សាយគំនិតរីកចម្រើន និងត្រូវបានចាប់ខ្លួនឃុំខ្លួនរយៈពេលពីរខែ។ បន្ទាប់ពីត្រូវបានលែងឱ្យចេញពីគុក គាត់ និងគ្រូផ្សេងទៀត រួមមានគ្រូចាន គ្រូថាន និងគ្រូវ៉ាត់ បានត្រលប់ទៅភូមិដើម្បីបន្តកិច្ចខិតខំប្រឹងប្រែងក្នុងការប្រែប្រួលសង្គម ដោយផ្អែកលើគំនិតនៃការរីកចម្រើនយ៉ាងឆាប់រហ័ស និងកំណែទម្រង់សង្គម។ |
| 520 ## - SUMMARY, ETC. | |
| Summary, etc. | The narrative follows Bong Ham, a former Khmer Rouge soldier turned teacher in a rural village in Kampong Cham province. He becomes a catalyst for a mass movement advocating for democracy and social change. Despite facing opposition from local authorities, Bong Ham continues to promote progressive ideas and is eventually imprisoned for two months. After his release, he and fellow educators, including Teacher Chan, Teacher Than, and Teacher Vat, return to the village to continue their efforts in reshaping society with a focus on rapid progress and social reform |
| 650 ## - SUBJECT ADDED ENTRY--TOPICAL TERM | |
| Topical term or geographic name entry element | គ្រូបង្រៀនស្រុកស្រែ |
| Form subdivision | អក្សរសិល្ប៏ខ្មែរ |
| 650 ## - SUBJECT ADDED ENTRY--TOPICAL TERM | |
| Topical term or geographic name entry element | Teacher at province |
| Form subdivision | Khmer Literature |
| 942 ## - ADDED ENTRY ELEMENTS (KOHA) | |
| Source of classification or shelving scheme | Dewey Decimal Classification |
| Koha item type | Books |
| Suppress in OPAC | No |
| Withdrawn status | Lost status | Source of classification or shelving scheme | Damaged status | Not for loan | Collection | Home library | Current library | Shelving location | Date acquired | Total Checkouts | Full call number | Barcode | Date last seen | Copy number | Price effective from | Koha item type |
|---|---|---|---|---|---|---|---|---|---|---|---|---|---|---|---|---|
| Dewey Decimal Classification | Khmer Language Books / សៀវភៅភាសាខ្មែរ | Footprints International School Library Network Toul Kork Campus | Footprints International School Library Network Toul Kork Campus | TK Old Khmer Books (Rear Hallway Shelf 3) | 08/26/2025 | THO PZ7 800 | FISTK03555 | 08/26/2025 | 4 | 08/26/2025 | Khmer Books | |||||
| Dewey Decimal Classification | Khmer Language Books / សៀវភៅភាសាខ្មែរ | Footprints International School Library Network Toul Tom Poung Campus | Footprints International School Library Network Toul Tom Poung Campus | TTP Secondary Khmer Bookshelves | 03/14/2025 | THO PZ7 800 | FISSE02337 | 03/14/2025 | 1 | 03/14/2025 | Books | |||||
| Dewey Decimal Classification | Khmer Language Books / សៀវភៅភាសាខ្មែរ | Footprints International School Library Network Toul Tom Poung Campus | Footprints International School Library Network Toul Tom Poung Campus | TTP Primary Khmer Bookshelves | 04/09/2025 | THO PZ7 800 | FISSE01630 | 04/09/2025 | 2 | 04/09/2025 | Books | |||||
| Dewey Decimal Classification | Khmer Language Books / សៀវភៅភាសាខ្មែរ | Footprints International School Library Network Toul Tom Poung Campus | Footprints International School Library Network Toul Tom Poung Campus | TTP Secondary Khmer Bookshelves | 05/08/2025 | THO PZ7 800 | FISSE02336 | 05/08/2025 | 3 | 05/08/2025 | Books |
